Gaming Quiz

Random Gaming Quiz

Neverwinter Nights 2 Companions Quiz Stats

 Plays Quiz not verified by Sporcle

Challenge
Share
Tweet
Embed
Score 0/11 Timer 03:00
0 Plays Today
% Correct
Neeshka
96.6%
Khelgar
93.2%
Elanee
84.7%
Ammon Jerro
84.7%
Bishop
83.1%
Sand
83.1%
Qara
81.4%
Casavir
79.7%
Grobnar
78%
Shandra
71.2%
Zhjaeve
44.1%

You're not logged in!

Compare scores with friends on all Sporcle quizzes.
OR
Log In

You Might Also Like...

Show Comments

Extras

Created Feb 9, 2012ReportNominate
Tags:companion, night

Top Quizzes Today


Score Distribution

Your Account Isn't Verified!

In order to create a playlist on Sporcle, you need to verify the email address you used during registration. Go to your Sporcle Settings to finish the process.

Report this User

Report this user for behavior that violates our Community Guidelines.

Details: